00245nam a2200097Ia 4500008004100000082001200041100001400053245004300067260002800110300000900138210430s9999 xx 000 0 und d a070J26S aDr SHAFEQ aSahafat aur Ablagh /cShafiq Jalandhri aLahorebDr.SHAFIQc2008 a367P